| 000 | 00762nam a2200205Ii 4500 | ||
|---|---|---|---|
| 003 | JO-AjNU | ||
| 008 | 230605s9999||||xx |||||||||||||| ||und|| | ||
| 040 |
_aJO-AjNU _bara _erda _cJO-AjNU |
||
| 041 | _aara | ||
| 050 | 1 | 4 | _aLB3013 2005 |
| 100 | 3 |
_aلاريفي،باربارا مؤلف/أيوب،محمد مترجم/جمل،محمد جهاد مراجع, _eauthor _923286 |
|
| 245 | 0 | 0 | _aالإدارة الصفية:خلق مجتمع من المتعلمين |
| 250 | _aط1 | ||
| 264 | 3 | 1 | _aالعين:دار الكتاب،2005 |
| 300 | _a239ص | ||
| 336 |
_atext _btxt _2rdacontent |
||
| 337 |
_aunmediated _bn _2rdamedia |
||
| 338 |
_avolume _bnc _2rdacarrier |
||
| 650 | 4 |
_aالفصول الدراسية-إدارة. الإدارة التعليمية _923287 |
|
| 999 |
_aA8399 _c11967 _d11967 |
||